Online
Catalog

La constitución y las reformas constitucionales de la República Dominicana, en su primer período como nación independiente (1844-1861) / (Record no. 31981)

MARC details
000 -CABECERA
campo de control de longitud fija 00848nam a2200229 a 4500
001 - NÚMERO DE CONTROL
campo de control 000032490
003 - IDENTIFICADOR DEL NÚMERO DE CONTROL
campo de control DO-SdBNP
005 - FECHA Y HORA DE LA ÚLTIMA TRANSACCIÓN
campo de control 20240305140625.0
007 - CAMPO FIJO DE DESCRIPCIÓN FÍSICA--INFORMACIÓN GENERAL
campo de control de longitud fija ta
008 - DATOS DE LONGITUD FIJA--INFORMACIÓN GENERAL
campo de control de longitud fija 110718s1945 pn r 000 0 spa d
040 ## - FUENTE DE LA CATALOGACIÓN
Centro catalogador/agencia de origen DO-SdBNP
Lengua de catalogación spa
Centro/agencia transcriptor BNPHU
082 ## - NÚMERO DE LA CLASIFICACIÓN DECIMAL DEWEY
Número de clasificación xxxxx
Número de documento/Ítem M236c
100 ## - ENTRADA PRINCIPAL--NOMBRE DE PERSONA
Nombre de persona Malagón Barceló, Javier,
9 (RLIN) 51163
Fechas asociadas al nombre 1911- 1990
245 13 - MENCIÓN DE TÍTULO
Título La constitución y las reformas constitucionales de la República Dominicana, en su primer período como nación independiente (1844-1861) /
Mención de responsabilidad, etc. Javier Malagon Barceló, Malaquías Gil Arantegui.
260 ## - PUBLICACIÓN, DISTRIBUCIÓN, ETC.
Lugar de publicación, distribución, etc. Panamá :
Nombre del editor, distribuidor, etc. Impr. Nacional,
Fecha de publicación, distribución, etc. 1945.
300 ## - DESCRIPCIÓN FÍSICA
Extensión 37 p. ;
Dimensiones 23 cm.
500 ## - NOTA GENERAL
Nota general Incluye referencias bibliográficas y notas al pie de las páginas
590 ## - NOTA LOCAL (RLIN)
Nota local Inventariado, 2022/ YL
700 1# - PUNTO DE ACCESO ADICIONAL--NOMBRE DE PERSONA
Nombre de persona Gil Arantegui, Malaquías,
Fechas asociadas al nombre 1912-1988
9 (RLIN) 76489
910 ## - DATOS DE OPCIÓN DEL USUARIO (OCLC)
Datos de opción del usuario YLockward
942 ## - ELEMENTOS DE PUNTO DE ACCESO ADICIONAL (KOHA)
Fuente del sistema de clasificación o colocación Dewey Decimal Classification
Tipo de ítem Koha Folleto
Holdings
Estado de retiro Estado de pérdida Fuente del sistema de clasificación o colocación Restricciones de uso No para préstamo Código de colección Localización permanente Ubicación/localización actual Ubicación en estantería Fecha de adquisición Número de inventario Signatura topográfica completa Código de barras Fecha visto por última vez Precio válido a partir de Tipo de ítem Koha Nota pública
    Dewey Decimal Classification Excluido de préstamo   Dominicana Folletos Raros y Valiosos Biblioteca Nacional Pedro Henríquez Ureña Biblioteca Nacional Pedro Henríquez Ureña En catalogación 18.07.2011 LF1 xxxxx xxxxx 32490-10 25.06.2020 25.06.2020 Folleto Perteneció a la biblioteca personal de Julio Ortega Frier.

Powered by Koha